| 000 | 00731nam a22001937a 4500 | ||
|---|---|---|---|
| 999 |
_c18890 _d18890 |
||
| 003 | AR-CdUCM | ||
| 008 | 190515b ||||| |||| 00| 0 spa d | ||
| 040 |
_aMUNICIPALIDAD PROVINCIAL DEL CUSCO _cBIBLIOTECA MUNICIPAL DEL CUSCO |
||
| 082 |
_a534.1 / _bR84 |
||
| 100 |
_aRosenberg, L. D. _939796 |
||
| 245 | _aEl ultrasonido y sus aplicaciones / | ||
| 260 |
_aArgentina : _bLautaro, _c1953. |
||
| 300 |
_a113 páginas ; _c19 cm. |
||
| 440 |
_aSerie ciencia y tecnología. _939797 |
||
| 505 | _aContenido : Propiedades de los sonidos audibles -- Métodos de obtención del ultrasonido -- El ultrasonido como medio de control y de medición ... | ||
| 650 |
_aUltrasonido. _939798 |
||
| 942 |
_2ddc _cLIBROS |
||
| 945 |
_arum _d2019-05-15 |
||